El chupete de dudú [Braille] / (Registro nro. 32804)

Detalles MARC
000 -CABECERA
Longitud fija campo de control 00770nam a2200229 a 4500
003 - • IDENTIFICADOR DELl NÚMERO DE CONTROL
Identificador del número de control CO-ViMGA
008 - • CÓDIGOS DE INFORMACIÓN DE LONGITUD FIJA
Códigos de información de longitud fija 141112s2004 ck r 000 u spa d
020 ## - • NÚMERO INTERNACIONAL NORMALIZADO PARA LIBROS
Número Internacional Normalizado para Libros (ISBN) 9789588792378
040 ## - FUENTE DE LA CATALOGACIÓN
Centro catalogador de origen CO-ViMGA
Lengua de catalogación spa
Centro transcriptor CO-ViMGA
082 04 - • NÚMERO DE LA CLASIFICACIÓN DECIMAL DEWEY
Número de clasificación (R) 838.91409 S96c
100 1# - • PUNTO DE ACCESO PRINCIPAL-NOMBRE DE PERSONA
Nombre de persona Swoboda, Annette
245 10 - • TITULO PROPIAMENTE DICHO
Título El chupete de dudú [Braille] /
Mención de responsabilidad, etc. Anette Swoboda
300 ## - • DESCRIPCIÓN FÍSICA
Extensión [8] p. : il. ; 15 cm.
500 ## - • NOTA GENERAL
Nota general texto en imprenta y Braille
521 ## - • NOTA DE PÚBLICO DESTINATARIO
Nota público destinatario (R ) Para niños de 0 a 2 años
650 14 - • PUNTO DE ACCESO ADICIONAL DE MATERIA - TÉRMINO DE MATERIA
Término de materia o nombre geográfico como elemento inicial Cuentos infantiles alemanes - Siglo XX
942 ## - ENTRADA DE ELEMENTOS AGREGADOS (KOHA)
Fuente de clasificaión o esquema Dewey Decimal Classification
Koha [por defecto] tipo de item LIbro
990 ## - EQUIVALENCIA O SECCIÓN-REFERENCIA [LOCAL, CANADA]
Enlace de información para campos 9XX Alianza Distribuidora de Colombia 2 ejemplares 21 20/11/2012 n a816140 20/11/2012 19/11/2012
Existencias
Perdido Fuente de clasificación o esquema Estado Físico No para préstamo Forma de adquisición Localización permanente Localización actual Fecha adquisición Serie de enumeración / cronolog&íacute;a Préstamos totales Signatura completa Código de barras Fecha última consulta Número de copia Fecha del precio de reemplazo Tipo de item de Koha
  Dewey Decimal Classification     Sala Especializada Tercer Piso Biblioteca Pública Germán Arciniegas - Villavicencio Biblioteca Pública Germán Arciniegas - Villavicencio 12/04/2015 20/ago/2013   838.91409 S96c 26122 12/04/2015 Ej. 1 12/04/2015 LIbro









Instituto Departamental de Cultura del Meta - Red Departamental de Bibliotecas Públicas del Meta.